=LDR 00000nam 2200000 4500 =001 NUTBA000000000000455 =005 20200812015908 =035 ##$$a 0010-031400000000454 =008 200812################g##########0#ind## =020 ##$$a 979266760-1 =084 ##$$a 2x4 ASS i =090 ##$$b 2X4 =100 #$$a As-Sadlan, Shalih bin Ghanim =245 1#$$a Intisari fiqih islam : $b Lengkap dengan jawaban praktis atas permasalahan fiqih sehari hari /$c Prof. Dr. Shalih bin Ghanim As-Sadlan, Syaikh Muhammad Shalij Al-Munajjid; Penerjemah, Nurul Mukhlisin, Lc.M.Ag., Izzudin Karimi, Lc. =260 ##$$a Surabaya :$b Elba,$c 2007 =300 ##$$a 255 hlm ; $c 20 x 13 cm =082 ##$$a 2x4 =650 #4$$a Fiqih =990 ##$$a 20800098